Le noie cremonesi
Guardat en:
| Autor principal: | |
|---|---|
| Format: | Llibre |
| Idioma: | espanyol |
| Publicat: |
Módena
Societa Tipografica Modenese
1951
|
| Col·lecció: | Testi e Manuali
|
| Matèries: | |
| Etiquetes: |
Afegir etiqueta
Sense etiquetes, Sigues el primer a etiquetar aquest registre!
|
MARC
| LEADER | 00000nam a2200000 a 4500 | ||
|---|---|---|---|
| 001 | UCY7530 | ||
| 003 | CL-VaPUC | ||
| 008 | 950614e19510000IT |||||||||||||||||spa|d | ||
| 082 | 0 | 4 | |a 851 |b GAE |2 21 |
| 100 | 0 | |a Gaetano Persico, Giovanni |e author |9 338050 | |
| 245 | 1 | 3 | |a Le noie cremonesi |
| 300 | |a 106 p | ||
| 942 | |c BK | ||
| 945 | |d 19950614 00:00:00 |a rbrito | ||
| 260 | |a Módena |b Societa Tipografica Modenese |c 1951 | ||
| 650 | 0 | |a Poesías italianas |9 265352 | |
| 583 | |a last modification |c 19950614 00:00:00 |k Rodrigo Vera | ||
| 490 | 0 | |a Testi e Manuali | |
| 999 | |c 234881 |d 234879 | ||